| 000 | 01597nam a2200421 i 4500 | ||
|---|---|---|---|
| 001 | 51067 | ||
| 003 | KOSZ 005 | ||
| 005 | 20210413112825.0 | ||
| 008 | 050727s2003 pl d f f 000 0 pol | ||
| 015 | _aPB 2005/15206 | ||
| 020 | _a8373650393 | ||
| 040 |
_aWA N _cWA N _dKOSZ 005/RW |
||
| 046 | _k2003 | ||
| 080 | _a657.47 | ||
| 080 | _a(07) | ||
| 100 | 1 |
_aGiętkowska, Danuta E. _eAutor |
|
| 245 | 1 | 0 |
_aRachunek kosztów / _cDanuta E. Giętkowska ; [recenzenci: Ksenia Czubakowska, Zbigniew Luty] ; Politechnika Koszalińska. |
| 260 |
_aKoszalin : _bWydawnictwo Uczelniane Politechniki Koszalińskiej, _c2003. |
||
| 300 |
_a296, [1] stron : _bwykresy ; _c24 cm. |
||
| 336 |
_aTekst _btxt _2rdacontent |
||
| 337 |
_aBez urządzenia pośredniczącego _bn _2rdamedia |
||
| 338 |
_aWolumin _bnc _2rdacarrier |
||
| 380 | _aKsiążki | ||
| 380 | _aPublikacje dydaktyczne | ||
| 385 |
_mPoziom nauczania _aSzkoły wyższe |
||
| 388 | 1 | _a2001- | |
| 504 | _aBibliografia na stronach [292-293]. | ||
| 650 | 7 | _aRachunkowość | |
| 650 | 7 | _aKoszty | |
| 655 | 7 | _aPodręcznik | |
| 658 | _aGospodarka, ekonomia, finanse | ||
| 700 | 1 |
_aCzubakowska, Ksenia _d(1946- ) _eRecenzja |
|
| 700 | 1 |
_aLuty, Zbigniew _eRecenzja |
|
| 710 | 2 |
_aWydawnictwo Uczelniane (Politechnika Koszalińska) _4pbl |
|
| 856 |
_uhttp://dlibra.tu.koszalin.pl/dlibra/docmetadata?id=123&from=&dirids=1&ver_id=&lp=1&QI= _yBiblioteka Cyfrowa |
||
| 856 |
_uhttp://koha.tu.koszalin.pl/cgi-bin/koha/opac-detail.pl?biblionumber=51067 _yKatalog online BPK |
||
| 942 |
_2UKD _cKS |
||
| 999 |
_c51067 _d51067 |
||